000 00816nam a2200253 i 4500
001 180838
003 ES-MaACL
005 20250821102026.0
008 120718s1991 sp ao |||| | spa d
020 _a84-7679-199-2
080 _a7.032.77(460)
100 1 _aBendala Galán, Manuel.
_927472
245 1 0 _aIntroducción al arte hispanorromano /
_cpor Manuel Bendala Galán.
260 _aMadrid :
_bHistoria Viva,
_c[1991]
300 _aVIII, 31 p. :
_bil. col. y n. ;
_c24 cm.
490 1 _aCuadernos de arte español ;
_v42
504 _aBibliografía: p. 31.
594 _aEn cub.: Historia 16.
650 0 7 _aArte romano-
_zEspaña.
_910316
650 4 _aArquitectura romana.
_910056
830 0 0 _aCuadernos de arte español
_v42
_9191338
852 _aES-MaACL
_j2314-F-18
999 _c180838
_d180838